| 000 | 00747nam a2200193 a 4500 | ||
|---|---|---|---|
| 003 | 0 | ||
| 005 | 20250310140504.0 | ||
| 008 | 080730s19uu xx 00 eng d | ||
| 050 |
_aPGS BF 723.B5.A25 _b.L477 2008 |
||
| 100 | _aLee, Yeong Geun. | ||
| 245 |
_aAchiever quality of different birth order in upper school students of SISC / _cYeong Geun Lee. |
||
| 260 |
_aLas PiƱas City, Philippines : _bSouthville International School and Colleges, _c2008. |
||
| 300 |
_a27 pages : _billustrations ; _c28 cm. |
||
| 504 | _aIncludes bibliographical references. | ||
| 650 |
_aBirth order _vPsychological aspects. |
||
| 650 |
_aAcademic achievement _vPsychological aspects. |
||
| 650 |
_aHigh school students _vPsychology. |
||
| 942 |
_2lcc _cPASS |
||
| 999 |
_c97998 _d97998 |
||